000
00206 a2200097 4500
001
45671
100
_a
Augustine S
245
_a
260
_a
Chicago
_b
William Benton publisher
_c
090
_c
28850
_d
28850
942
_a
NUST-CAE
_c
M
_c
20947
999
_c
280744
_d
280744